<?xml version="1.0" encoding="UTF-8"?><?xml-stylesheet type="text/xsl" href="static/style.xsl"?><OAI-PMH xmlns="http://www.openarchives.org/OAI/2.0/" xmlns:xsi="http://www.w3.org/2001/XMLSchema-instance" xsi:schemaLocation="http://www.openarchives.org/OAI/2.0/ http://www.openarchives.org/OAI/2.0/OAI-PMH.xsd"><responseDate>2026-04-27T21:36:10Z</responseDate><request verb="GetRecord" identifier="oai:uvadoc.uva.es:10324/45565" metadataPrefix="marc">https://uvadoc.uva.es/oai/request</request><GetRecord><record><header><identifier>oai:uvadoc.uva.es:10324/45565</identifier><datestamp>2021-06-30T05:19:49Z</datestamp><setSpec>com_10324_38</setSpec><setSpec>col_10324_852</setSpec></header><metadata><record xmlns="http://www.loc.gov/MARC21/slim" xmlns:doc="http://www.lyncode.com/xoai" xmlns:xsi="http://www.w3.org/2001/XMLSchema-instance" xmlns:dcterms="http://purl.org/dc/terms/" xsi:schemaLocation="http://www.loc.gov/MARC21/slim http://www.loc.gov/standards/marcxml/schema/MARC21slim.xsd">
<leader>00925njm 22002777a 4500</leader>
<datafield tag="042" ind1=" " ind2=" ">
<subfield code="a">dc</subfield>
</datafield>
<datafield tag="720" ind1=" " ind2=" ">
<subfield code="a">Pozo Vicente, Eva del</subfield>
<subfield code="e">author</subfield>
</datafield>
<datafield tag="260" ind1=" " ind2=" ">
<subfield code="c">2021</subfield>
</datafield>
<datafield tag="520" ind1=" " ind2=" ">
<subfield code="a">La continua exigencia de agilización en los procesos de producción, así como&#xd;
la seguridad de los trabajadores, impulsan la fabricación de nuevas&#xd;
herramientas que satisfagan estos objetivos en la industria ferroviaria. Los&#xd;
marcos legales cada vez más estrictos, obligan a justificar la seguridad de los&#xd;
trabajadores, más aún cuando se corren riesgos importantes.&#xd;
El presente trabajo se centra en el diseño de utillaje para Renfe, principal&#xd;
operador ferrovial de España. Se realizará un estudio exhaustivo de su&#xd;
viabilidad respetando las nuevas exigencias</subfield>
</datafield>
<datafield tag="520" ind1=" " ind2=" ">
<subfield code="a">The continuous demand for streamlining in production processes, as well as&#xd;
worker safety, drive the manufacture of new tools that fulfil these objectives in&#xd;
the railway industry. The increasingly stringent legal frameworks make it&#xd;
necessary to justify the safety of workers, even more so when there are&#xd;
significant risks.&#xd;
This work focuses on the design of tools for Renfe, the main railway company&#xd;
in Spain. An exhaustive study of its viability will be carried out, respecting the&#xd;
new requirements.</subfield>
</datafield>
<datafield tag="024" ind2=" " ind1="8">
<subfield code="a">http://uvadoc.uva.es/handle/10324/45565</subfield>
</datafield>
<datafield tag="245" ind1="0" ind2="0">
<subfield code="a">Diseño de utillaje para mantenimiento de material rodante ferroviario</subfield>
</datafield>
</record></metadata></record></GetRecord></OAI-PMH>